000 01252cam a22002651i 4500
003 SA_RiAUC
005 20250217085353.0
008 250215s2005____su f f000 0 ara c
020 _a9960037614
040 _aSA-JuJU
_bara
_cSA-RiAUC
_erda
082 0 4 _a257.5
_qSA-RiAUC
090 _a257.5
_b غ ا م
100 1 _aالغامدي، ناصر بن محمد مشري
_eمؤلف.
245 1 0 _aأصول المحاكمات القضائية التي وضعها النبي صلى الله عليه وسلم للقضاة ليهتدوا بها في الحكم بين الناس :
_bدراسة فقهية تأصيلية /
_cناصر بن محمد بن مشري الغامدي.
250 _aالطبعة الأولى.
264 1 _aمكة المكرمة :
_bجامعة أم القرى، معهد البحوث العلمية وإحياء التراث الإسلامي،
_c2005
300 _a95 صفحة ؛
_c24 سم.
336 _aنص
_btxt
_2rdacontent
_3كتاب
337 _aبدون وسيط
_bn
_2rdamedia
338 _aمجلد
_bnc
_2rdacarrier
490 0 _aسلسلة بحوث الدراسات الإسلامية
650 7 _aالقضاء في الإسلام
_2aucsh
942 _2ddc
_cBOOK
_n0
949 _aSA-JeALM
_d250215
_umohamedma123
_n1
999 _c6044
_d6044